Loading...
| Current Events | 7 | 14.29 | 86% | 43% | 29% |
| Fine Arts - Classical Music | 5 | 12.00 | 100% | 40% | 0% |
| Fine Arts - Other Fine Arts | 6 | 13.33 | 100% | 17% | 17% |
| Fine Arts - Painting & Sculpture | 6 | 15.00 | 67% | 83% | 0% |
| Geography | 2 | 25.00 | 100% | 100% | 50% |
| History - American History | 6 | 13.33 | 83% | 50% | 0% |
| History - European History | 6 | 16.67 | 100% | 50% | 17% |
| History - Other History | 10 | 12.00 | 70% | 50% | 0% |
| History - World History | 10 | 11.00 | 70% | 30% | 10% |
| Literature - American Literature | 6 | 16.67 | 100% | 50% | 17% |
| Literature - British Literature | 7 | 11.43 | 86% | 29% | 0% |
| Literature - European Literature | 9 | 8.89 | 89% | 0% | 11% |
| Literature - World Literature | 9 | 12.22 | 100% | 22% | 0% |
| Mythology | 6 | 11.67 | 100% | 17% | 0% |
| Other Academic | 3 | 10.00 | 67% | 33% | 0% |
| Philosophy | 4 | 5.00 | 50% | 0% | 0% |
| Religion | 3 | 10.00 | 100% | 0% | 0% |
| Science - Biology | 6 | 11.67 | 67% | 17% | 33% |
| Science - Chemistry | 9 | 7.78 | 78% | 0% | 0% |
| Science - Other Science | 5 | 12.00 | 80% | 40% | 0% |
| Science - Physics | 4 | 10.00 | 75% | 0% | 25% |
| Social Science | 7 | 10.00 | 71% | 29% | 0% |